Faculty of Law Library — Cairo University

Official Online Catalog

O. Hood Phillips & Jackson : (Record no. 48820)

MARC details
000 -LEADER
fixed length control field 01306cac a2200385 i 4500
003 - CONTROL NUMBER IDENTIFIER
control field EG-GICUC
005 - DATE AND TIME OF LATEST TRANSACTION
control field 20260121101437.0
008 - FIXED-LENGTH DATA ELEMENTS--GENERAL INFORMATION
fixed length control field 001012s2001 enk frb 001 0 eng d
020 ## - INTERNATIONAL STANDARD BOOK NUMBER
International Standard Book Number 0421576502
020 ## - INTERNATIONAL STANDARD BOOK NUMBER
International Standard Book Number 9780421576506
040 ## - CATALOGING SOURCE
Original cataloging agency DLC
Transcribing agency DLC
Modifying agency DLC
-- EG-GICUC
Language of cataloging eng
Description conventions rda
043 ## - GEOGRAPHIC AREA CODE
Geographic area code e-uk---
050 00 - LIBRARY OF CONGRESS CALL NUMBER
Classification number KD3930
Item number .P452 2001
082 00 - DEWEY DECIMAL CLASSIFICATION NUMBER
Classification number 342.042
Edition number 21
092 04 - LOCALLY ASSIGNED DEWEY CALL NUMBER (OCLC)
Edition number 21
099 ## - LOCAL FREE-TEXT CALL NUMBER (OCLC)
Classification number Law 08 2001
100 1# - MAIN ENTRY--PERSONAL NAME
Personal name Phillips, Owen Hood
245 10 - TITLE STATEMENT
Title O. Hood Phillips & Jackson :
Remainder of title constitutional and administrative law /
Statement of responsibility, etc. by O. Hood Phillips and Paul Jackson, and Patricia Leopold.
246 3# - VARYING FORM OF TITLE
Title proper/short title O. Hood Phillips and Jackson
246 3# - VARYING FORM OF TITLE
Title proper/short title Constitutional and administrative law.
250 ## - EDITION STATEMENT
Edition statement 8th ed., International student ed. /
264 ## - PRODUCTION, PUBLICATION, DISTRIBUTION, MANUFACTURE, AND COPYRIGHT NOTICE
Place of production, publication, distribution, manufacture London :
Name of producer, publisher, distributor, manufacturer Sweet & Maxwell,
Date of production, publication, distribution, manufacture, or copyright notice 2001.
300 ## - PHYSICAL DESCRIPTION
Extent cxxvi, 855 page ;
Dimensions 24 cm.
336 ## - CONTENT TYPE
Content type term text
Content type code txt
Source rdacontent
337 ## - MEDIA TYPE
Media type term unmediated
Media type code n
Source rdamedia
338 ## - CARRIER TYPE
Carrier type term volume
Carrier type code nc
Source rdacarrier
504 ## - BIBLIOGRAPHY, ETC. NOTE
Bibliography, etc. note Includes bibliographical references and index.
650 #0 - SUBJECT ADDED ENTRY--TOPICAL TERM
Topical term or geographic name entry element Constitutional law
Geographic subdivision Great Britain.
650 #0 - SUBJECT ADDED ENTRY--TOPICAL TERM
Topical term or geographic name entry element Administrative law
Geographic subdivision Great Britain.
700 1# - ADDED ENTRY--PERSONAL NAME
Personal name Jackson, Paul,
Titles and other words associated with a name LL. B.
700 1# - ADDED ENTRY--PERSONAL NAME
Personal name Leopold, Patricia.
856 40 - ELECTRONIC LOCATION AND ACCESS
Uniform Resource Identifier <a href="https://fll.law.cu.edu.eg/fulltext/bks/ENGB08-00089.pdf">https://fll.law.cu.edu.eg/fulltext/bks/ENGB08-00089.pdf</a>
905 ## - Cataloger and Reviser Names
Cataloger Name: Hend El khosy
942 ## - ADDED ENTRY ELEMENTS (KOHA)
Source of classification or shelving scheme Dewey Decimal Classification
Koha item type Books
Edition 21
Suppress in OPAC No
Holdings
Withdrawn status Lost status Source of classification or shelving scheme Damaged status Not for loan Collection Home library Current library Date acquired Total checkouts Full call number Barcode Date last seen Copy number Price effective from Koha item type Public note
    Dewey Decimal Classification     القانون الدستوري جــــامعة القــاهرة مكتبة كلية الحقوق - فـرع الشيخ زايد 07.12.2025   Law2 08 342.042 PH . O 9 ed - 2001 0800089 C1 ENGB08-00089 07.12.2025 1 07.12.2025 Books 1402

© All rights reserved — Faculty of Law, Cairo University